Znajdź pary - Szybka śmierć - Statystyki

Ogólne statystyki
  • Ten quiz został rozwiązany 35 razy
  • Średni wynik to 28 z 50
Answers on the Grid
Answers color-coded by a green-red scale on the quiz's grid according to % correct below.
Norwegia
Oslo
Holandia
Amsterdam
Malta
Valletta
Bułgaria
Sofia
Grecja
Ateny
Chiny
Pekin
Iran
Teheran
Nepal
Katmandu
Filipiny
Manila
Korea Północna
Pjongjang
Macedonia Północna
Skopje
Angola
Luanda
Erytrea
Asmara
Demokratyczna Republika Konga
Kinszasa
Ghana
Akra
Gabon
Libreville
Botswana
Gaborone
Jamajka
Kingston
Honduras
Tegucigalpa
Saint Vincent i Grenadyny
Kingstown
Stany Zjednoczone
Waszyngton
Chile
Santiago
Argentyna
Buenos Aires
Nowa Zelandia
Wellington
Wyspy Marshalla
Majuro
Polska
Moskwa
Słowenia
Dublin
Włochy
Sztokholm
Białoruś
Zagrzeb
Szwajcaria
Sarajewo
Syria
Ankara
Jemen
Astana
Pakistan
Nowe Delhi
Bhutan
Aszchabad
Katar
Erywań
Węgry
Vaduz
Egipt
Dodoma
Togo
Bangi
Somalia
Chartum
Gwinea Równikowa
Freetown
Malawi
Bloemfontein
Kanada
Belmopan
Bahamy
Managua
Haiti
Santo Domingo
Salwador
Roseau
Wenezuela
Montevideo
Paragwaj
Georgetown
Zjednoczone Emiraty Arabskie
Wientian
Mikronezja
Yaren
Kiribati
Port Vila
 
Statystyki odpowiedzi
Odpowiedź % Poprawnych
Norwegia
79%
Oslo
79%
Stany Zjednoczone
79%
Waszyngton
79%
Argentyna
76%
Chiny
76%
Malta
76%
Pekin
76%
Valletta
76%
Holandia
72%
Amsterdam
69%
Buenos Aires
69%
Bułgaria
69%
Macedonia Północna
69%
Skopje
69%
Teheran
69%
Ateny
66%
Grecja
66%
Iran
66%
Korea Północna
66%
Pjongjang
66%
Chile
62%
Jamajka
62%
Nowa Zelandia
62%
Santiago
62%
Sofia
62%
Kingston
59%
Wellington
59%
Katmandu
55%
Nepal
55%
Angola
52%
Kinszasa
52%
Luanda
52%
Demokratyczna Republika Konga
48%
Manila
48%
Akra
45%
Filipiny
45%
Ghana
45%
Botswana
41%
Gaborone
41%
Honduras
41%
Tegucigalpa
34%
Kingstown
31%
Asmara
28%
Erytrea
28%
Gabon
24%
Libreville
24%
Majuro
24%
Wyspy Marshalla
24%
Saint Vincent i Grenadyny
21%
Nie znaleziono quizów pasujących do podanych kryteriów
Rozkład punktacji
Procent ludzi z każdym wynikiem
Percentyl według liczby udzielonych odpowiedzi
Twoja historia wyników
Nie rozwiązałeś tego quizu